Química sostenible (Registro nro. 646823)
[ vista simple ]
| 001 - NÚMERO DE CONTROL | |
|---|---|
| campo de control | 1324355 |
| 005 - FECHA Y HORA DE LA ÚLTIMA TRANSACCIÓN | |
| campo de control | 20260508075623.0 |
| 008 - DATOS DE LONGITUD FIJA--INFORMACIÓN GENERAL | |
| campo de control de longitud fija | 130418e20110407 spa |
| 020 ## - NÚMERO INTERNACIONAL ESTÁNDAR DEL LIBRO | |
| Número Internacional Estándar del Libro | 9788497567862 |
| 035 ## - NÚMERO DE CONTROL DEL SISTEMA | |
| Número de control de sistema | 1324355 |
| 040 ## - FUENTE DE LA CATALOGACIÓN | |
| Centro/agencia transcriptor | comduadb |
| 041 ## - CÓDIGO DE LENGUA | |
| Código de lengua del texto/banda sonora o título independiente | spa |
| 082 #4 - NÚMERO DE LA CLASIFICACIÓN DECIMAL DEWEY | |
| Número de clasificación | 540 |
| 100 10 - ENTRADA PRINCIPAL--NOMBRE DE PERSONA | |
| Nombre de persona | Mestres Quadreny, Ramón |
| Código de función | aut |
| Término indicativo de función/relación | Autor/a |
| 9 (RLIN) | 664668 |
| 245 10 - MENCIÓN DE TÍTULO | |
| Título | Química sostenible |
| 260 ## - PUBLICACIÓN, DISTRIBUCIÓN, ETC. | |
| Lugar de publicación, distribución, etc. | Madrid : |
| Nombre del editor, distribuidor, etc. | Editorial Síntesis, |
| Fecha de publicación, distribución, etc. | 2011. |
| 300 ## - DESCRIPCIÓN FÍSICA | |
| Extensión | 378 páginas |
| 520 3# - SUMARIO, ETC. | |
| Sumario, etc. | La Química Sostenible es la química de siempre, y al mismo tiempo una química novedosa, que se mueve con una nueva visión o dimensión. Surge como consecuencia de valorar la gran trascendencia que tienen para la sociedad, el ambiente y las futuras generaciones los efectos nocivos de la actividad química, y es movida por la doble convicción de que estos efectos son evitables, y de que lo son precisamente a través de la química. Se requiere simplemente identificar las fuentes de los efectos nocivos y desarrollar una química que proporcione los productos necesarios de forma económicamente rentable y con el mínimo de efectos nocivos. |
| 650 ## - PUNTO DE ACCESO ADICIONAL DE MATERIA--TÉRMINO DE MATERIA | |
| Término de materia o nombre geográfico como elemento de entrada | Procesos quimicos - Control |
| 9 (RLIN) | 44048 |
| 650 ## - PUNTO DE ACCESO ADICIONAL DE MATERIA--TÉRMINO DE MATERIA | |
| Término de materia o nombre geográfico como elemento de entrada | Catalizadores |
| 9 (RLIN) | 6611 |
| 650 ## - PUNTO DE ACCESO ADICIONAL DE MATERIA--TÉRMINO DE MATERIA | |
| Término de materia o nombre geográfico como elemento de entrada | Electroquímica |
| 9 (RLIN) | 2021 |
| 650 ## - PUNTO DE ACCESO ADICIONAL DE MATERIA--TÉRMINO DE MATERIA | |
| Término de materia o nombre geográfico como elemento de entrada | Fotoquímica |
| 9 (RLIN) | 682 |
| 650 ## - PUNTO DE ACCESO ADICIONAL DE MATERIA--TÉRMINO DE MATERIA | |
| Término de materia o nombre geográfico como elemento de entrada | Quimicos - Toxicidad |
| 9 (RLIN) | 179787 |
| 650 ## - PUNTO DE ACCESO ADICIONAL DE MATERIA--TÉRMINO DE MATERIA | |
| Término de materia o nombre geográfico como elemento de entrada | Contaminación química |
| 9 (RLIN) | 16993 |
| 942 ## - ELEMENTOS DE ENTRADA AGREGADA (KOHA) | |
| Tipo de ítem Koha | Libros |
| Estado de retiro | Estado de pérdida | Estado dañado | No para préstamo | Código de colección | Localización permanente | Ubicación/localización actual | Fecha de adquisición | Fuente de adquisición | Coste, precio normal de compra | Número de inventario | Total de préstamos | Signatura topográfica completa | Código de barras | Fecha visto por última vez | Fecha del último préstamo | Número de copia | Precio válido a partir de | Tipo de ítem Koha |
|---|---|---|---|---|---|---|---|---|---|---|---|---|---|---|---|---|---|---|
| Colección General | Biblioteca Campus Puerto Berrío | Biblioteca Campus Puerto Berrío | 18/04/2013 | CIS (Corporacion Interuniversitaria de Servicios) | 186000.00 | C1172717 | 1 | 540 M586 | 0975631 | 07/04/2026 | 03/03/2026 | 1 | 02/05/2023 | Libros |